004110000a2200145000450000500170000010000170001724500910003426000460012530000110017104000080018236500080019065000120019865000230021065000320023320120302052527.0 a Cable, Boyd a Hundred year history of the P. & O.: Peninsular and Oriental Steam Navigation Company aLondon:bLvor Nicholson and Watson,c1937 ax,289p aENG bRs. aHistory aOcean Steam Travel aHistory-Peninsular-Oriental